| 000 | 00417nam a22001337a 4500 | ||
|---|---|---|---|
| 040 | _cNUST | ||
| 082 | _a200 THE | ||
| 100 |
_aHafiz Umar Aslam _9107115 |
||
| 110 | _a Supervisor Dr. Mohsin Islam Tiwana | ||
| 245 | _aTH-SOF-2122 Design and Development of Surface Based Active EMG Sensor for Biomedical Applications | ||
| 260 |
_aISLAMABAD: _bNUST COLLEGE OF EME, _c2022. |
||
| 650 | _aMS-MTS-19 | ||
| 942 |
_2ddc _cTHE |
||
| 999 |
_c592954 _d592954 |
||